000 00337 a2200157 4500
001 170516
020 _a
040 _cMagnum
100 _aColasanti, Marina
240 1 0 _aAna z. aonde vai voce ?
_lpor
245 1 0 _aAna z. aonde vai voce ?
362 0 _a1899
440 1 _aÁtica
697 _aJ/ADOLESCENTE, NAMORO
942 _cBK
999 _c170516
_d170516